SQL fundamentals / (Record no. 11686)

MARC details
000 -LEADER
fixed length control field 01276cam a2200337 a 4500
001 - CONTROL NUMBER
control field 15315405
005 - DATE AND TIME OF LATEST TRANSACTION
control field 20080916083443.0
008 - FIXED-LENGTH DATA ELEMENTS--GENERAL INFORMATION
fixed length control field 080604s2009 njua 001 0 eng
010 ## - LIBRARY OF CONGRESS CONTROL NUMBER
LC control number 2008024745
015 ## - NATIONAL BIBLIOGRAPHY NUMBER
National bibliography number GBA893197
Source bnb
016 7# - NATIONAL BIBLIOGRAPHIC AGENCY CONTROL NUMBER
Record control number 014679680
Source Uk
020 ## - INTERNATIONAL STANDARD BOOK NUMBER
International Standard Book Number 9780137126026 (pbk. : alk. paper)
020 ## - INTERNATIONAL STANDARD BOOK NUMBER
International Standard Book Number 0137126026 (pbk. : alk. paper)
035 ## - SYSTEM CONTROL NUMBER
System control number (OCoLC)ocn230916823
035 ## - SYSTEM CONTROL NUMBER
System control number (OCoLC)230916823
040 ## - CATALOGING SOURCE
Original cataloging agency DLC
Transcribing agency DLC
Modifying agency BAKER
-- BTCTA
-- YDXCP
-- UKM
-- C#P
-- DLC
050 00 - LIBRARY OF CONGRESS CALL NUMBER
Classification number QA76.73.S67
Item number P38 2009
082 00 - DEWEY DECIMAL CLASSIFICATION NUMBER
Classification number 005.7565
Edition number 22
Item number PAT
100 1# - MAIN ENTRY--PERSONAL NAME
Personal name Patrick, John J.
9 (RLIN) 5601
245 10 - TITLE STATEMENT
Title SQL fundamentals /
Statement of responsibility, etc John J. Patrick.
250 ## - EDITION STATEMENT
Edition statement 3rd ed.
260 ## - PUBLICATION, DISTRIBUTION, ETC. (IMPRINT)
Place of publication, distribution, etc Upper Saddle River, NJ :
Name of publisher, distributor, etc Prentice Hall,
Date of publication, distribution, etc c2009.
300 ## - PHYSICAL DESCRIPTION
Extent xxviii, 803 p. :
Other physical details ill. ;
Dimensions 24 cm.
500 ## - GENERAL NOTE
General note Includes index.
630 00 - SUBJECT ADDED ENTRY--UNIFORM TITLE
Uniform title Oracle.
9 (RLIN) 5602
630 00 - SUBJECT ADDED ENTRY--UNIFORM TITLE
Uniform title Microsoft Access.
9 (RLIN) 5603
650 #0 - SUBJECT ADDED ENTRY--TOPICAL TERM
Topical term or geographic name as entry element SQL (Computer program language)
9 (RLIN) 5604
942 ## - ADDED ENTRY ELEMENTS (KOHA)
Source of classification or shelving scheme Dewey Decimal Classification
Item type Book - Borrowing
Holdings
Withdrawn status Item status Source of classification or shelving scheme Damaged status Not for loan Vendor Home library Current library Shelving location Date acquired Source of acquisition Cost, normal purchase price Serial Enumeration / chronology Total Checkouts Total Renewals Full call number Barcode Date last seen Date last borrowed Koha item type
    Dewey Decimal Classification     Alahram Central Library Central Library Lower Floor 28/05/2009   370.50 366 4 19 005.7565 PAT 000016414 15/07/2025 03/10/2022 Book - Borrowing